00968nam a22002537a 4500003000400000005001700004008004100021020001800062040000700080041000800087082002200095100002400117245003400141260003900175300002400214365005900238520029800297650002500595650002100620650001300641700001500654700002400669700002100693OSt20230922152911.0230922b ||||| |||| 00| 0 eng d a9789358405729 cAL aeng a657.954bSAHI223 aR G Saha and others aIndian Accounting Standards I aNew DelhibVision book housec2023 a234p.bPBc25X18cm. 2Managementa4694b208.00c₹d260.00e20%f21-09-2023 aIntroduction to Indian Accounting Standards Preparation of Financial Statements Provision under Accounting Standard for Items Appear in Financial Statements Provisions under Accounting Standards for Items that do not Appear in Financial Statements Liability Based Indian Accounting Standards  aFinancial Statements aNEP 5th Sem BCom aLiablity aSAHA (R G) aKUMAR (Praveen K C) aBABLADI (Renuka)